• 首页
  • 本馆介绍
  • 公告通知
  • 最新文献
  • 馆藏检索
  • 电子资源
  • 读者导购
  • 参考咨询
  • 我的图书馆
  • 登录
  • 详细信息显示
  • 放入我的书架
  • 预约/预借图书
  • 作者相关作品
  • 分类相关作品
  • 丛书相关作品
  • 出版社相关作品

书目信息

  • 表格格式
  • 工作单格式
  • 卡片格式
题名:
艺用人体解剖
    
 
作者: 李景凯 编译
分册:  
出版信息: 西安   陕西人民美术出版社  2003
页数: 167页
开本: 26cm
丛书名:
单 册:
中图分类: J206.4
科图分类:
主题词: 艺用人体解剖学
电子资源:
ISBN: 7-5368-1713-4
000 00688nam0 2200217 45
001 002493284
005 20050110164721.1
010    @a7-5368-1713-4@dCNY22.50
100    @a20031104d2003 em y0chiy0110 ea
101 0  @achi
102    @aCN@b610000
105    @aa z 000yy
200 1  @a艺用人体解剖@Ayi yong ren ti jie pou@f李景凯编译@FLi Jing Kai Bian Yi
210    @a西安@c陕西人民美术出版社@d2003
215    @a167页@a图@d26cm
330    @a本书结合大量精美的插图详尽地介绍了绘画与比例,人体各部位解剖学知识与绘画艺术中的一般关系等内容。
606 0  @a艺用人体解剖学
690    @aJ206.4@v4
701  0 @a李景凯@4编译
801  0 @aCN@bNLC@c20040317
905    @b342140-145@dJ206.4@e250@f6
    
    艺用人体解剖/李景凯编译.-西安:陕西人民美术出版社,2003
    167页;图;26cm
    
    
    ISBN 7-5368-1713-4:CNY22.50
    本书结合大量精美的插图详尽地介绍了绘画与比例,人体各部位解剖学知识与绘画艺术中的一般关系等内容。
●
相关链接 在E读中查询图书 在五车中查询图书 在当当中查询图书 在豆瓣中查询图书


正题名:艺用人体解剖     索取号:J206.4/250         预约/预借

序号 登录号 条形码 馆藏地/架位号 状态 备注
1 0342140   203421403   第一样本阅览室/ [索取号:J206.4/250] 在馆    
2 0342141   203421412   第一借阅区/ [索取号:J206.4/250] 在馆    
3 0342142   203421421   第一借阅区/ [索取号:J206.4/250] 在馆    
4 0342143   203421430   第一借阅区/ [索取号:J206.4/250] 在馆    
5 0342144   203421449   第一借阅区/ [索取号:J206.4/250] 在馆    
6 0342145   203421458   第一借阅区/ [索取号:J206.4/250] 在馆    
唐山师范学院图书馆 欢迎您!
大连网信软件有限公司© 版权所有